Filmschurken A-Z (Disney) - Statistiken

Allgemein
  • Dieses Quiz wurde 80 mal gespielt
  • Das Durchschnittsergebnis liegt bei 10 aus 23
Antwortstatistiken
Bildquiz Antwort % Korrekt
Cruella de Vil
97%
Ursula
92%
Scar
90%
Malefiz
84%
Hans von den Südlichen Inseln
75%
Gaston
74%
Dschafar
68%
Kaa
63%
Prinz John
55%
Yzma
47%
Zeus
42%
Edgar
37%
Dr. Facilier
36%
Tamatoa
30%
Luzifer
27%
Professor Rattenzahn
21%
Oogie Boogie
18%
Nero
14%
Amos Slade
12%
Willie der Riese
12%
Bill Sykes
7%
Percival C. McLeach
3%
Lord Qin
1%
Keine übereinstimmenden Quizze gefunden
Verteilung der Resultate
Anzahl Personen mit jedem Resultat
Perzentil nach korrekt beantworteten Fragen
Ihre Resultats-Entwicklung
Sie haben dieses Quiz noch nicht gespielt